000 00548nam a2200205Ia 4500
005 20250326142304.0
008 250326s9999 xx 000 0 und d
020 _a81-7473-146-6
037 _aTextbook
040 _aFMSL
_beng
_cFMSL
041 _aeng
_2eng
084 _aX:8D P1
_qFMSL
100 _aGoacher D
_9745882
245 0 _aMonetary and ficial system
_cGoacher D
250 _a4
260 _aUnited Kingdom
_bUnited Kingdom, A I T B S
_c2002
300 _avi,448
942 _cTB
_hX:8D P1
999 _c1294312
_d1294312